000 nam a22 7a 4500
999 _c19433
_d19433
008 170116b xxu||||| |||| 00| 0 eng d
020 _a9780028230481
020 _a0028230485
050 _aHB171.5
_b.C53 1995
100 _aClayton,Gary E.
245 _aEconomics :
_bprinciples and practices/
_cGary E. Clayton
260 _aNew York :
_bGlencoe,
_c ©1995.
300 _axiv, 626p. :
_bill. ;
500 _aincludes index.
650 _aEconomics
942 _2lcc
_cBOOKS
_hHB171.5 .C53 1995